Deutsche Bibliographie: das deutsche Buch, auswahl wichtiger Neuerscheinungen

Salvato in:
Dettagli Bibliografici
Ente Autore: Deutschen Bibliothek (Autore)
Natura: Libro
Lingua:tedesco
Pubblicazione: Frankfurt am Main Im Verlag Der 1962
Edizione:1a. ed
Serie:Heft, 1
Soggetti:
Tags: Aggiungi Tag
Nessun Tag, puoi essere il primo ad aggiungerne!!

MARC

LEADER 00000cam a2200000 a 4500
001 UCD4108
003 CL-VaPUC
008 160623e19620000gw |||||||||||||||||ger|d
082 0 4 |a 833.09  |b DEU  |2 21 
110 2 |a Deutschen Bibliothek  |e author  |9 587720 
245 1 0 |a Deutsche Bibliographie: das deutsche Buch, auswahl wichtiger Neuerscheinungen 
250 |a 1a. ed 
300 |a 100 p 
942 |c BK 
945 |d 20160623 20:48:00  |a arojas 
260 |a Frankfurt am Main  |b Im Verlag Der  |c 1962 
650 0 |a Literatura alemana   |9 265457 
650 0 |a Bibliografías   |9 257071 
650 7 |a BIBLIOGRAFIAS NACIONALES  |2 CL-VaPUC  |9 351094 
583 |a last modification  |c 20160623 20:48:00  |k Rodrigo Vera 
490 0 |a Heft, 1 
999 |c 365053  |d 365051 
952 |0 0  |1 0  |3 erb  |4 0  |6 833_090000000000000_DEU_1962  |7 0  |8 A  |9 478751  |a FDOHBE  |b FDOHBE  |e Huesbe Llanos, Marco Antonio, 1934-  |i 5331021  |o 833.09 DEU 1962  |p 5331021  |r 2024-01-30  |w 2019-11-24  |y BK  |z Catalogado en:20160623  |k HBE